[Event "European Youth Chess Championship B18"]
[Site "Prague, Top Hotel Prague"]
[Date "2016.08.25"]
[Round "7.23"]
[White "O`Donnell, Conor"]
[Black "Bunyatov, Rustam"]
[Result "1/2-1/2"]
[WhiteElo "2347"]
[BlackElo "2230"]
[PlyCount "66"]
[EventDate "2016.08.18"]

1. d4 g6 2. c4 Bg7 3. Nc3 d6 4. Nf3 Nc6 5. d5 Ne5 6. e4 Bg4 7. Be2 Bxf3 8. gxf3
Nf6 9. f4 Ned7 10. h4 c6 11. h5 Nxh5 12. Bxh5 gxh5 13. Be3 Bxc3+ 14. bxc3 c5
15. Qa4 Qb6 16. Ke2 a6 17. Rab1 Qc7 18. e5 dxe5 19. fxe5 Qxe5 20. Rxb7 Rd8 21.
Kd2 Rg8 22. Bxc5 Qf4+ 23. Be3 Qf3 24. Re1 Rg2 25. Re2 Rg1 26. Bb6 Qf4+ 27. Re3
Rg2 28. Kd1 Rxf2 29. Bxd8 Rf1+ 30. Kd2 Rf2+ 31. Kd1 Rf1+ 32. Kd2 Rf2+ 33. Kd1
Rf1+ 1/2-1/2

[Event "European Youth Chess Championship B18"]
[Site "Prague, Top Hotel Prague"]
[Date "2016.08.25"]
[Round "7.24"]
[White "Markocic, Tine"]
[Black "Huber, Martin Christian"]
[Result "0-1"]
[WhiteElo "2073"]
[BlackElo "2377"]
[PlyCount "68"]
[EventDate "2016.08.18"]

1. e4 e6 2. Nf3 d5 3. Nc3 Nf6 4. e5 Nfd7 5. d4 c5 6. dxc5 Nc6 7. Bf4 Nxc5 8.
Bb5 a6 9. Bxc6+ bxc6 10. O-O Be7 11. Nd4 Bb7 12. Qg4 g5 13. Be3 h5 14. Qd1 Nd7
15. Nf3 c5 16. Na4 d4 17. Bd2 g4 18. Ne1 Nxe5 19. Qe2 Qc7 20. b3 Bd6 21. c3 d3
22. Qe3 h4 23. h3 O-O-O 24. Nb2 Qc6 25. Nc4 Nxc4 26. bxc4 Rhg8 27. hxg4 Rxg4
28. f3 Rg3 29. Nxd3 h3 30. Ne1 hxg2 31. Rf2 Rdg8 32. Rd1 Bb8 33. Bc1 Qc7 34.
Qh6 Rh3 0-1

[Event "European Youth Chess Championship B18"]
[Site "Prague, Top Hotel Prague"]
[Date "2016.08.25"]
[Round "7.25"]
[White "Stefanov, Emil"]
[Black "Beeck, Mats"]
[Result "1-0"]
[WhiteElo "2505"]
[BlackElo "2196"]
[PlyCount "74"]
[EventDate "2016.08.18"]

1. d4 Nf6 2. c4 g6 3. f3 Bg7 4. e4 d6 5. Nc3 O-O 6. Be3 c5 7. d5 e6 8. Qd2 exd5
9. cxd5 a6 10. a4 Nbd7 11. Nh3 Ne5 12. Nf2 Qa5 13. Be2 b5 14. O-O b4 15. Ncd1
Bd7 16. h3 Bb5 17. Bf4 Bxe2 18. Qxe2 Rfe8 19. Ne3 Nh5 20. Bh2 Qd8 21. f4 Nd7
22. Rae1 Bd4 23. b3 Nb6 24. Qf3 a5 25. Kh1 Rc8 26. g4 Nf6 27. g5 Nfd7 28. Nfg4
Bg7 29. e5 dxe5 30. fxe5 Nxe5 31. Bxe5 Rxe5 32. Nxe5 Bxe5 33. Qxf7+ Kh8 34. Qe6
Qxg5 35. Ng4 Bg7 36. Qxc8+ Nxc8 37. Re8+ Bf8 1-0

[Event "European Youth Chess Championship B18"]
[Site "Prague, Top Hotel Prague"]
[Date "2016.08.25"]
[Round "7.26"]
[White "Seresin, Francesco"]
[Black "Capone, Nicola"]
[Result "1/2-1/2"]
[WhiteElo "2200"]
[BlackElo "2392"]
[PlyCount "85"]
[EventDate "2016.08.18"]

1. d4 e6 2. c4 b6 3. Nc3 Bb7 4. Nf3 Bb4 5. e3 f5 6. Bd3 Nf6 7. O-O O-O 8. Bd2
Bxc3 9. Bxc3 Ne4 10. Rc1 d6 11. b4 Nd7 12. Bb2 Rf6 13. Nd2 Rh6 14. g3 Qh4 15.
Nf3 Qh3 16. d5 exd5 17. Re1 Ng5 18. Nxg5 Qxh2+ 19. Kf1 Qh1+ 20. Ke2 Qh5+ 21.
Kd2 Qxg5 22. cxd5 Bxd5 23. Rxc7 Ne5 24. Be2 Qd8 25. Qc2 Be6 26. f4 Nf7 27. Rc1
Rh3 28. Qc3 Rxg3 29. Qd4 a5 30. b5 Rb8 31. a4 Rg2 32. Ra7 Qh4 33. Rcc7 Qf2 34.
Qd3 Rg1 35. Rc1 Rxc1 36. Bxc1 Rc8 37. Bb2 Qg2 38. Kd1 Qh1+ 39. Kd2 Qg2 40. Re7
Bd5 41. Qxf5 Rf8 42. Qg4 Qxg4 43. Bxg4 1/2-1/2

[Event "European Youth Chess Championship B18"]
[Site "Prague, Top Hotel Prague"]
[Date "2016.08.25"]
[Round "7.27"]
[White "Kassay, Krisztian"]
[Black "Garriga, Cazorla Pere"]
[Result "0-1"]
[WhiteElo "2124"]
[BlackElo "2392"]
[PlyCount "80"]
[EventDate "2016.08.18"]

1. e4 c5 2. Nf3 Nc6 3. d4 cxd4 4. Nxd4 Qb6 5. Nb3 Nf6 6. Nc3 e6 7. Qe2 Bb4 8.
Bd2 O-O 9. a3 Be7 10. O-O-O d5 11. Be3 Qc7 12. exd5 Nxd5 13. Nxd5 exd5 14. Qd2
Bf6 15. Bf4 Qb6 16. Qe3 d4 17. Qg3 Na5 18. Nxa5 Qxa5 19. Bc4 Re8 20. Qb3 Be6
21. Qb5 Qd8 22. Rhe1 a6 23. Qb3 Bxc4 24. Qxc4 Rc8 25. Rxe8+ Qxe8 26. Qd3 h5 27.
Kb1 b5 28. Bd2 Qc6 29. f3 Qc7 30. g3 a5 31. Re1 g6 32. f4 b4 33. a4 Qd7 34. b3
Qh3 35. Qe2 Kg7 36. Bc1 Rc6 37. Qb5 Qc8 38. Qd3 Rc3 39. Qe4 d3 40. Bb2 Rxb3 0-1

[Event "European Youth Chess Championship B18"]
[Site "Prague, Top Hotel Prague"]
[Date "2016.08.25"]
[Round "7.28"]
[White "Patrascu, Catalin-Lucian"]
[Black "Redondo, Benavente Jose Carlo"]
[Result "1-0"]
[WhiteElo "2286"]
[BlackElo "2206"]
[PlyCount "105"]
[EventDate "2016.08.18"]

1. d4 d5 2. c4 dxc4 3. Nf3 e6 4. e3 Nf6 5. Bxc4 c5 6. O-O a6 7. dxc5 Qxd1 8.
Rxd1 Bxc5 9. Nbd2 O-O 10. Nb3 Be7 11. Bd2 Nc6 12. Rac1 Bd7 13. Be2 Rfd8 14. Be1
Be8 15. Nc5 Rxd1 16. Bxd1 b6 17. Nd3 Bd6 18. Nd2 Nb4 19. Nxb4 Bxb4 20. a3 Be7
21. Bf3 Rb8 22. Nb3 Bd6 23. Bc3 Kf8 24. Nd4 Bd7 25. Rd1 Ne8 26. h3 a5 27. Be2
Rd8 28. Rd2 Nc7 29. Nf5 exf5 30. Rxd6 Na8 31. Bb5 Ke7 32. Rxd7+ Rxd7 33. Bxd7
Kxd7 34. Bxg7 Kc6 35. Kh2 Nc7 36. Kg3 Kb5 37. Kh4 Ne6 38. Be5 Kc4 39. Kh5 Kd5
40. Bc3 f4 41. Kh6 Ke4 42. Kxh7 f3 43. gxf3+ Kxf3 44. Kg8 f5 45. h4 Kg4 46. Kf7
Nc5 47. Kg6 f4 48. h5 f3 49. h6 Ne6 50. h7 Nf8+ 51. Kh6 Nxh7 52. Kxh7 Kh3 53.
Bd4 1-0

[Event "European Youth Chess Championship B18"]
[Site "Prague, Top Hotel Prague"]
[Date "2016.08.25"]
[Round "7.29"]
[White "Zirkelbach, Maj"]
[Black "Winiarski, Mikolaj"]
[Result "0-1"]
[WhiteElo "2189"]
[BlackElo "2285"]
[PlyCount "46"]
[EventDate "2016.08.18"]

1. d4 d5 2. c4 e5 3. dxe5 d4 4. Nf3 Nc6 5. Bf4 Bg4 6. Nbd2 Nge7 7. a3 Ng6 8.
Bg3 Qe7 9. Qc2 O-O-O 10. O-O-O Qe6 11. Qa4 Kb8 12. h3 Bxf3 13. Nxf3 Bc5 14. Qc2
Ncxe5 15. b4 Be7 16. Nxd4 Qa6 17. Nb5 c6 18. Qe4 cxb5 19. Bxe5+ Nxe5 20. Qxe5+
Ka8 21. Qc3 Bf6 22. Qe3 Qa4 23. Rd3 bxc4 0-1

[Event "European Youth Chess Championship B18"]
[Site "Prague, Top Hotel Prague"]
[Date "2016.08.25"]
[Round "7.30"]
[White "Fossan, Andreas"]
[Black "Karas, Marek"]
[Result "0-1"]
[WhiteElo "2023"]
[BlackElo "2278"]
[PlyCount "78"]
[EventDate "2016.08.18"]

1. d4 d6 2. c4 e5 3. Nf3 e4 4. Ng5 f5 5. Nc3 c6 6. d5 Be7 7. Nh3 Nf6 8. g3 Nbd7
9. Bg2 Ne5 10. b3 O-O 11. O-O Bd7 12. f3 Qa5 13. Bb2 Nxc4 14. bxc4 Qb6+ 15. Kh1
Qxb2 16. Rc1 exf3 17. exf3 Qb6 18. Re1 Rfe8 19. Rb1 Qc7 20. Nf4 Bf8 21. Qb3
Rxe1+ 22. Rxe1 Re8 23. Rxe8 Bxe8 24. Ne6 Qe7 25. Bh3 g6 26. Ne2 Bf7 27. N2d4 c5
28. Nb5 Bxe6 29. dxe6 a6 30. Na7 Qxe6 31. Qxb7 Qxc4 32. Nc8 Qe2 33. Qc6 Qb5 34.
Qc7 Qd7 35. Qb8 d5 36. Bf1 Qe6 37. Nb6 c4 38. Qd8 c3 39. Qc7 Ne8 0-1

[Event "European Youth Chess Championship B18"]
[Site "Prague, Top Hotel Prague"]
[Date "2016.08.25"]
[Round "7.31"]
[White "Tokranovs, Dmitrijs"]
[Black "Pein, Jonathan"]
[Result "1-0"]
[WhiteElo "2257"]
[BlackElo "1980"]
[PlyCount "75"]
[EventDate "2016.08.18"]

1. e4 e5 2. Nf3 d6 3. d4 exd4 4. Nxd4 Nf6 5. Nc3 g6 6. Be2 Bg7 7. h4 h5 8. Bg5
Nc6 9. Nd5 O-O 10. Nb5 a6 11. Nbxc7 Rb8 12. c3 Be6 13. Nxf6+ Bxf6 14. Bxf6 Qxf6
15. Qxd6 Rbd8 16. Qg3 Ne5 17. Qg5 Qxg5 18. hxg5 Bc4 19. Bxc4 Nxc4 20. Nd5 Nxb2
21. g4 Kg7 22. gxh5 gxh5 23. Ke2 Nc4 24. Rxh5 Rh8 25. Rxh8 Rxh8 26. Ne3 Nxe3
27. Kxe3 Rh3+ 28. f3 Rg3 29. Kf4 Rg2 30. Kf5 Rc2 31. f4 Rxc3 32. a4 Rc5+ 33. e5
Rc6 34. a5 b5 35. axb6 Rxb6 36. Ra5 Rc6 37. Rd5 Rb6 38. Rd6 1-0

[Event "European Youth Chess Championship B18"]
[Site "Prague, Top Hotel Prague"]
[Date "2016.08.25"]
[Round "7.32"]
[White "Laiz, Ibanez Hector"]
[Black "Garanin, Aleksei"]
[Result "1-0"]
[WhiteElo "2229"]
[BlackElo "2118"]
[PlyCount "53"]
[EventDate "2016.08.18"]

1. e4 c5 2. Nf3 d6 3. d4 cxd4 4. Nxd4 Nf6 5. Nc3 a6 6. Be3 e5 7. Nb3 Be6 8. f4
Ng4 9. Bd2 exf4 10. Bxf4 Nc6 11. Qd2 Be7 12. O-O-O Nce5 13. h3 Ng6 14. g3 N4e5
15. Nd4 Qd7 16. Nf5 Bxf5 17. exf5 Qxf5 18. Nd5 O-O 19. h4 Bd8 20. h5 Nf3 21.
Qe3 Nge5 22. Be2 Ng5 23. g4 Nxg4 24. Bxg4 Qxg4 25. Rhg1 Qxh5 26. Bxg5 Bxg5 27.
Rxg5 1-0

[Event "European Youth Chess Championship B18"]
[Site "Prague, Top Hotel Prague"]
[Date "2016.08.25"]
[Round "7.33"]
[White "Jablonicky, Martin"]
[Black "Theocharous, Stelios"]
[Result "1-0"]
[WhiteElo "2198"]
[BlackElo "1972"]
[PlyCount "105"]
[EventDate "2016.08.18"]

1. Nf3 Nf6 2. c4 b6 3. g3 e6 4. Bg2 Bb7 5. O-O Be7 6. d4 O-O 7. d5 exd5 8. Nh4
c6 9. cxd5 Nxd5 10. Nf5 Na6 11. e4 Ndc7 12. Qg4 Ne6 13. Nc3 Bf6 14. Rd1 Qc7 15.
Bf4 h5 16. Bxc7 hxg4 17. Bd6 Rfe8 18. e5 Bg5 19. Ne4 Nac5 20. Nxg5 Nxg5 21.
Bxc5 bxc5 22. Rxd7 Bc8 23. Ne7+ Kf8 24. Nxc8 Raxc8 25. Re1 Rb8 26. Rd2 f6 27.
Bxc6 Nf3+ 28. Bxf3 gxf3 29. Re3 Rxe5 30. Rxf3 Re1+ 31. Kg2 Rb1 32. b3 Rc1 33.
Rf4 Rc3 34. Rd7 a6 35. Rh4 Kg8 36. Rg4 g5 37. h4 Rc2 38. hxg5 fxg5 39. Rxg5+
Kf8 40. Ra7 Rxa2 41. Rxc5 Rb2 42. Rc3 R2xb3 43. Rxb3 Rxb3 44. Rxa6 Kf7 45. g4
Rc3 46. f3 Kg7 47. Kg3 Rc4 48. g5 Rb4 49. f4 Rb1 50. Kg4 Rb7 51. f5 Rb1 52.
Ra7+ Kg8 53. Kh5 1-0

[Event "European Youth Chess Championship B18"]
[Site "Prague, Top Hotel Prague"]
[Date "2016.08.25"]
[Round "7.34"]
[White "Stepan, Patrik"]
[Black "Rajkovic, Mladen"]
[Result "0-1"]
[WhiteElo "2145"]
[BlackElo "2286"]
[PlyCount "80"]
[EventDate "2016.08.18"]

1. d4 Nf6 2. Nf3 e6 3. c4 b6 4. g3 Ba6 5. b3 Bb7 6. Bg2 Bb4+ 7. Bd2 a5 8. O-O
O-O 9. Qc2 d6 10. Nc3 Nbd7 11. a3 Bxc3 12. Bxc3 Re8 13. Rad1 Be4 14. Qb2 Qb8
15. Ne1 Bxg2 16. Nxg2 e5 17. dxe5 Nxe5 18. Ne3 Qc8 19. Nd5 Nxd5 20. cxd5 Qh3
21. f3 a4 22. e4 axb3 23. Bxe5 Rxe5 24. Rc1 Ra7 25. Qxb3 f5 26. Rc4 h5 27. Re1
h4 28. f4 hxg3 29. hxg3 Re7 30. Re3 g5 31. g4 Qxg4+ 32. Rg3 Qxf4 33. e5 Qd2 34.
Qc3 Qd1+ 35. Kf2 Rxe5 36. Rxg5+ Kf8 37. Rd4 Re2+ 38. Kg3 Qg1+ 39. Kf4 Rf2+ 40.
Ke3 Rg2+ 0-1

[Event "European Youth Chess Championship B18"]
[Site "Prague, Top Hotel Prague"]
[Date "2016.08.25"]
[Round "7.35"]
[White "Krutsky, Martin"]
[Black "Hollan, Martin"]
[Result "1-0"]
[WhiteElo "2035"]
[BlackElo "2256"]
[PlyCount "83"]
[EventDate "2016.08.18"]

1. e4 e5 2. Nf3 Nc6 3. Bb5 a6 4. Ba4 Nge7 5. c3 g6 6. d4 exd4 7. cxd4 b5 8. Bb3
Bg7 9. O-O d6 10. h3 O-O 11. a4 b4 12. a5 h6 13. Re1 d5 14. e5 Be6 15. Bc2 Nf5
16. Be3 f6 17. Bxf5 Bxf5 18. Qc1 Qd7 19. Bxh6 Be4 20. Bxg7 Kxg7 21. Nbd2 f5 22.
Qc5 Nd8 23. Ng5 Rb8 24. e6 Nxe6 25. Nxe6+ Qxe6 26. f3 c6 27. fxe4 fxe4 28. Nf1
Qf6 29. Ne3 Kg8 30. Ng4 Qe6 31. Qc1 b3 32. Qe3 Kg7 33. Qh6+ Kg8 34. Rf1 c5 35.
Ne5 Rf6 36. Rxf6 Qxf6 37. Rf1 Qg7 38. Qxg7+ Kxg7 39. dxc5 d4 40. Nc6 Rb5 41.
Nxd4 Rxa5 42. Rc1 1-0

[Event "European Youth Chess Championship B18"]
[Site "Prague, Top Hotel Prague"]
[Date "2016.08.25"]
[Round "7.36"]
[White "Chovan, Milan"]
[Black "Holtman, Teodor"]
[Result "1/2-1/2"]
[WhiteElo "2231"]
[BlackElo "2124"]
[PlyCount "88"]
[EventDate "2016.08.18"]

1. c4 e5 2. g3 Nc6 3. Bg2 g6 4. Nc3 Bg7 5. e3 Nge7 6. Nge2 O-O 7. O-O d6 8. d3
Bg4 9. h3 Bf5 10. b3 Qd7 11. Kh2 Nb4 12. e4 Be6 13. Be3 f5 14. Qd2 fxe4 15.
dxe4 Rf7 16. Rad1 Qe8 17. c5 dxc5 18. Bxc5 Nec6 19. Nd5 a5 20. a3 Na6 21. Be3
Qf8 22. Qb2 Rd8 23. Rd2 Bh6 24. Bxh6 Qxh6 25. f4 Rdf8 26. Rfd1 Qh5 27. fxe5
Qxe5 28. Nef4 Re8 29. b4 axb4 30. axb4 Qxb2 31. Rxb2 Ne5 32. Bf1 c6 33. Ne3 Rd7
34. Rxd7 Bxd7 35. Nc4 Nxc4 36. Bxc4+ Kg7 37. Bxa6 bxa6 38. Rd2 Bc8 39. Rd4 Re5
40. Rd8 Be6 41. Rd6 Bc4 42. Rxc6 Rxe4 43. h4 Kf7 44. Rc7+ Kf6 1/2-1/2

[Event "European Youth Chess Championship B18"]
[Site "Prague, Top Hotel Prague"]
[Date "2016.08.25"]
[Round "7.37"]
[White "Schwander, Lukas"]
[Black "Radulescu, Vlad-Alexandru"]
[Result "1/2-1/2"]
[WhiteElo "2199"]
[BlackElo "2029"]
[PlyCount "118"]
[EventDate "2016.08.18"]

1. e4 c5 2. Nf3 d6 3. Bb5+ Nc6 4. O-O e5 5. c3 Bg4 6. h3 Bh5 7. Re1 a6 8. Bxc6+
bxc6 9. d3 Nf6 10. Nbd2 Be7 11. a4 O-O 12. Nc4 a5 13. g4 Bg6 14. Nh4 Nd7 15.
Nf5 Bxf5 16. gxf5 Nb6 17. Ne3 Bg5 18. Ng2 Bxc1 19. Rxc1 Re8 20. Re3 d5 21. b3
dxe4 22. Rxe4 f6 23. Qf3 Qd7 24. Qe3 Qd6 25. f4 Nd5 26. Qe2 Re7 27. fxe5 Rxe5
28. Rxe5 fxe5 29. Qe4 Re8 30. Qg4 Kh8 31. Qe2 Qh6 32. Rf1 Qxh3 33. c4 Nf6 34.
Qf3 Qxf3 35. Rxf3 Rb8 36. Re3 Nd7 37. Nh4 Kg8 38. Nf3 Re8 39. Kg2 h6 40. Kg3
Kf7 41. Nd2 Rb8 42. Kg4 g5 43. fxg6+ Kxg6 44. Kh4 Rf8 45. Rg3+ Kh7 46. Rg2 Rf4+
47. Kh3 Nf6 48. Re2 Rd4 49. Re3 Ng4 50. Rf3 Rxd3 51. Kxg4 Rxd2 52. Rf6 e4 53.
Rxc6 e3 54. Rxc5 e2 55. Re5 Rb2 56. Kf3 Rxb3+ 57. Kxe2 Rb4 58. Rxa5 Rxc4 59.
Kd3 Rc1 1/2-1/2

[Event "European Youth Chess Championship B18"]
[Site "Prague, Top Hotel Prague"]
[Date "2016.08.25"]
[Round "7.38"]
[White "De, Block Yordi"]
[Black "Kostka, Vit"]
[Result "1/2-1/2"]
[WhiteElo "2015"]
[BlackElo "2188"]
[PlyCount "31"]
[EventDate "2016.08.18"]

1. d4 g6 2. c4 Bg7 3. Nc3 d6 4. e4 Nc6 5. Nf3 e5 6. dxe5 Nxe5 7. Nxe5 Bxe5 8.
Be2 Be6 9. Qd3 Ne7 10. O-O Qd7 11. Nd5 Bxd5 12. cxd5 f5 13. f4 Bf6 14. Be3 O-O
15. Bf3 fxe4 16. Bxe4 1/2-1/2

[Event "European Youth Chess Championship B18"]
[Site "Prague, Top Hotel Prague"]
[Date "2016.08.25"]
[Round "7.39"]
[White "Schwab, Lukas"]
[Black "Shpati, Ted"]
[Result "1/2-1/2"]
[WhiteElo "2175"]
[BlackElo "2084"]
[PlyCount "76"]
[EventDate "2016.08.18"]

1. e4 c5 2. Nf3 Nc6 3. d4 cxd4 4. Nxd4 e5 5. Nb5 a6 6. Nd6+ Bxd6 7. Qxd6 Qe7 8.
Qxe7+ Ngxe7 9. c4 Nd4 10. Bd3 Nec6 11. Bd2 d6 12. Na3 Be6 13. b3 Ke7 14. Rc1
Rhc8 15. Be3 a5 16. Kd2 a4 17. Bxd4 Nxd4 18. Nc2 Nxc2 19. Rxc2 axb3 20. axb3 b6
21. Rb1 Ra7 22. f3 Rca8 23. Kc3 Ra1 24. Rcb2 Rxb1 25. Rxb1 h6 26. Rb2 f6 27.
Kb4 Bd7 28. g3 Ra1 29. Rf2 Rd1 30. Kc3 Ra1 31. Rd2 Ra8 32. Kb4 Ra1 33. Rg2 Rd1
34. Kc3 Ra1 35. Rb2 Ra8 36. Kb4 Ra1 37. Rd2 Ra8 38. Kc3 Bc6 1/2-1/2

[Event "European Youth Chess Championship B18"]
[Site "Prague, Top Hotel Prague"]
[Date "2016.08.25"]
[Round "7.40"]
[White "Friedland, Moshe"]
[Black "Whatley, Stephen A J"]
[Result "1-0"]
[WhiteElo "2170"]
[BlackElo "2073"]
[PlyCount "57"]
[EventDate "2016.08.18"]

1. e4 c5 2. Nf3 Nc6 3. d4 cxd4 4. Nxd4 e6 5. Nc3 Qc7 6. g3 a6 7. Bg2 h5 8. O-O
h4 9. Nb3 hxg3 10. hxg3 d6 11. a4 b6 12. f4 Bb7 13. Be3 Nf6 14. Qe2 Be7 15. Bh3
d5 16. Qf2 Bd8 17. exd5 Nxd5 18. Nxd5 exd5 19. Rfe1 Ne7 20. Bd4 Kf8 21. Be5 Qd7
22. Re2 Rc8 23. Rae1 Rc6 24. Nd4 Rch6 25. f5 b5 26. Bf4 R6h7 27. Bg5 Nc6 28.
Nxc6 Bxg5 29. Qc5+ 1-0

[Event "European Youth Chess Championship B18"]
[Site "Prague, Top Hotel Prague"]
[Date "2016.08.25"]
[Round "7.41"]
[White "Oztekin, Kerem Can"]
[Black "Thorhallsson, Simon"]
[Result "1/2-1/2"]
[WhiteElo "1910"]
[BlackElo "2169"]
[PlyCount "72"]
[EventDate "2016.08.18"]

1. e4 c5 2. Nf3 d6 3. d4 cxd4 4. Nxd4 Nf6 5. Nc3 a6 6. g3 e5 7. Nde2 Be7 8. Bg2
b5 9. Nd5 Nxd5 10. Qxd5 Ra7 11. Be3 Be6 12. Qd2 Rb7 13. Nc3 O-O 14. O-O Nd7 15.
Nd5 Bxd5 16. Qxd5 Qc7 17. Rfc1 Nf6 18. Qd3 Rc8 19. Bh3 Rd8 20. Bg2 Qc6 21. c4
bxc4 22. Rxc4 Qb5 23. b3 d5 24. exd5 Nxd5 25. Bxd5 Qxd5 26. Qxd5 Rxd5 27. Rc8+
Rd8 28. Rac1 Rb8 29. Rxb8 Rxb8 30. Rc7 Bb4 31. Bc5 g6 32. Bxb4 Rxb4 33. Rc6 a5
34. Rc5 a4 35. Rxe5 axb3 36. axb3 Rxb3 1/2-1/2

[Event "European Youth Chess Championship B18"]
[Site "Prague, Top Hotel Prague"]
[Date "2016.08.25"]
[Round "7.42"]
[White "Caglar, Ahmet Ata"]
[Black "Thorgeirsson, Jon Kristinn"]
[Result "1-0"]
[WhiteElo "1968"]
[BlackElo "2151"]
[PlyCount "127"]
[EventDate "2016.08.18"]

1. e4 d6 2. d4 g6 3. c4 Bg7 4. Nc3 Nf6 5. Nf3 O-O 6. Be2 e5 7. O-O Nc6 8. d5
Ne7 9. Ne1 Nd7 10. Be3 f5 11. f3 f4 12. Bf2 g5 13. Rc1 h5 14. c5 Nxc5 15. b4
Na6 16. Nb5 b6 17. Qa4 Qd7 18. Qa3 g4 19. Nd3 Rf6 20. Bh4 gxf3 21. Rxf3 Rg6 22.
Nf2 c5 23. dxc6 Nxc6 24. Qb3+ Kf8 25. a3 Nab8 26. Qd5 a6 27. Bc4 Bh8 28. Nxd6
Nd4 29. Rfc3 Nbc6 30. Nxc8 Qg7 31. Be7+ Ke8 32. Nd6+ Kxe7 33. Nf5+ Nxf5 34.
exf5 Rd6 35. Qf3 Rad8 36. Ne4 Nd4 37. Qxh5 f3 38. f6+ Rxf6 39. Qxe5+ Kf8 40.
Qxf6+ Qxf6 41. Nxf6 Bxf6 42. gxf3 b5 43. Bf1 Kf7 44. Rc8 Rd6 45. R8c7+ Kg6 46.
f4 Bd8 47. Bd3+ Kf6 48. R7c3 Bb6 49. Kg2 a5 50. h4 axb4 51. axb4 Ne6 52. Rc6
Rxd3 53. Rxb6 Kf5 54. Rxb5+ Kg4 55. Kf2 Rf3+ 56. Ke1 Rxf4 57. h5 Nd4 58. Rbc5
Nf3+ 59. Ke2 Re4+ 60. Kd3 Re6 61. b5 Rd6+ 62. Kc4 Nd2+ 63. Kb4 Rd4+ 64. R1c4
1-0

[Event "European Youth Chess Championship B18"]
[Site "Prague, Top Hotel Prague"]
[Date "2016.08.25"]
[Round "7.43"]
[White "Kilic, Cihan"]
[Black "Sinanovic, Ermin"]
[Result "1/2-1/2"]
[WhiteElo "1893"]
[BlackElo "2175"]
[PlyCount "41"]
[EventDate "2016.08.18"]

1. d4 Nf6 2. Nf3 c5 3. e3 d5 4. c4 cxd4 5. exd4 Bg4 6. Nc3 e6 7. Be2 Nc6 8. h3
Bh5 9. Be3 dxc4 10. O-O Nd5 11. Bxc4 Nxe3 12. fxe3 Bd6 13. Qb3 Rb8 14. Ne4 Be7
15. d5 exd5 16. Rad1 Qc7 17. Rxd5 Bg6 18. Nfg5 O-O 19. Rd2 Na5 20. Bxf7+ Kh8
21. Qc3 1/2-1/2

[Event "European Youth Chess Championship B18"]
[Site "Prague, Top Hotel Prague"]
[Date "2016.08.25"]
[Round "7.44"]
[White "Nastase, Robert-Paul"]
[Black "Jonsson, Gauti Pall"]
[Result "0-1"]
[WhiteElo "2163"]
[BlackElo "2075"]
[PlyCount "154"]
[EventDate "2016.08.18"]

1. e4 e6 2. d4 d5 3. Nd2 c5 4. exd5 Qxd5 5. dxc5 Bxc5 6. Ngf3 Nf6 7. Bc4 Qd8 8.
O-O O-O 9. Qe2 Nc6 10. Nb3 Bd6 11. Rd1 Qc7 12. h3 Ne5 13. Nxe5 Bxe5 14. Be3
Bxb2 15. Rab1 Ba3 16. Bg5 Be7 17. Bd3 Bd7 18. Nd4 b6 19. Rb3 Nd5 20. Qe4 g6 21.
Bd2 Rad8 22. Re1 Nf6 23. Qe2 Rfe8 24. Nf3 Nd5 25. Ne5 Ba4 26. Qf3 Bf6 27. Ra3
Bxe5 28. Rxa4 Bg7 29. Bb5 Rf8 30. Bg5 Rc8 31. Rc4 Qd6 32. Rxc8 Rxc8 33. c4 Nc3
34. Ba6 Re8 35. Bc1 Qb4 36. a3 Qa5 37. Qc6 Rf8 38. Bb7 Na2 39. Qe4 Nxc1 40.
Rxc1 Qxa3 41. Rc2 Qa1+ 42. Kh2 Qe5+ 43. Qxe5 Bxe5+ 44. g3 Rd8 45. Kg2 Bd6 46.
Bc6 Kf8 47. Bb5 a5 48. Kf3 Bb4 49. Ke2 Ke7 50. h4 f5 51. Ra2 Kd6 52. Kf3 e5 53.
Ke3 Kc5 54. Re2 Rd4 55. Rc2 h6 56. Kf3 g5 57. hxg5 hxg5 58. Ke2 e4 59. Rc1 f4
60. gxf4 gxf4 61. Rc2 Rd3 62. Rc1 Rd2+ 63. Kf1 Kd4 64. Ba4 e3 65. fxe3+ fxe3
66. c5 bxc5 67. Bb5 Bc3 68. Kg1 e2 69. Ba4 c4 70. Kf2 e1=Q+ 71. Kxe1 Ra2+ 72.
Kd1 Rxa4 73. Kc2 Ra2+ 74. Kb1 Rb2+ 75. Ka1 Rc2+ 76. Kb1 Rxc1+ 77. Ka2 Ra1# 0-1

[Event "European Youth Chess Championship B18"]
[Site "Prague, Top Hotel Prague"]
[Date "2016.08.25"]
[Round "7.45"]
[White "Miknevicius, Laurynas"]
[Black "Koehn, Lennart"]
[Result "1-0"]
[WhiteElo "2150"]
[BlackElo "2048"]
[PlyCount "89"]
[EventDate "2016.08.18"]

1. Nf3 Nf6 2. c4 c5 3. Nc3 Nc6 4. d4 cxd4 5. Nxd4 g6 6. e4 d6 7. Be2 Nxd4 8.
Qxd4 Bg7 9. Be3 O-O 10. Qd2 Be6 11. f3 Qa5 12. Rc1 Rfc8 13. b3 a6 14. Na4 Qxd2+
15. Kxd2 Nd7 16. g4 f5 17. exf5 gxf5 18. h3 Rf8 19. f4 Rad8 20. Nc3 d5 21. cxd5
Nf6 22. Bb6 Nxd5 23. Bxd8 Rxd8 24. Nxd5 Bxd5 25. Rh2 Bxb3+ 26. Ke1 Bxa2 27.
Bxa6 bxa6 28. Rxa2 Rd4 29. Rf2 Rd3 30. Rh2 Rd4 31. gxf5 Rxf4 32. Rf2 Ra4 33.
Kf1 Kf7 34. Kg2 a5 35. Rc6 Bf6 36. Ra6 Ra3 37. Rc2 a4 38. Re2 Ra1 39. Re4 a3
40. Re3 Bb2 41. Ra7 Kf6 42. Rexe7 Kxf5 43. Rxh7 Bd4 44. Ra5+ Ke4 45. Ra4 1-0

[Event "European Youth Chess Championship B18"]
[Site "Prague, Top Hotel Prague"]
[Date "2016.08.25"]
[Round "7.46"]
[White "Ozcan, Kadir Kutay"]
[Black "Salim, Riza"]
[Result "1/2-1/2"]
[WhiteElo "1808"]
[BlackElo "2146"]
[PlyCount "63"]
[EventDate "2016.08.18"]

1. e4 c5 2. Nf3 Nc6 3. Bb5 g6 4. Bxc6 dxc6 5. d3 Bg7 6. Nc3 Bg4 7. h3 Bxf3 8.
Qxf3 Nf6 9. Be3 Nd7 10. O-O e5 11. Qe2 Qe7 12. a4 a5 13. f4 exf4 14. Rxf4 Nf8
15. Raf1 f6 16. g4 Ne6 17. R4f3 O-O 18. Qf2 Rad8 19. Ne2 b6 20. h4 Qd6 21. b3
Qe5 22. Kg2 Qb2 23. Ng3 Nd4 24. Bxd4 Qxd4 25. Ne2 Qe5 26. h5 Qg5 27. hxg6 hxg6
28. Qg3 Rd7 29. Nf4 Re8 30. Nh3 Qe5 31. Nf4 Qg5 32. Nh3 1/2-1/2

[Event "European Youth Chess Championship B18"]
[Site "Prague, Top Hotel Prague"]
[Date "2016.08.25"]
[Round "7.47"]
[White "Syvalahti, Timo"]
[Black "Vangsgaard, Bjarke"]
[Result "1-0"]
[WhiteElo "2139"]
[BlackElo "2034"]
[PlyCount "91"]
[EventDate "2016.08.18"]

1. d4 Nf6 2. c4 g6 3. Nc3 Bg7 4. e4 d6 5. f3 O-O 6. Be3 c5 7. dxc5 dxc5 8. Qxd8
Rxd8 9. Bxc5 Nc6 10. Nge2 Nd7 11. Be3 Nde5 12. Nf4 Nb4 13. Rc1 g5 14. Nfd5
Nbd3+ 15. Bxd3 Nxd3+ 16. Ke2 Nxc1+ 17. Rxc1 Be6 18. Nxe7+ Kh8 19. b3 Rd7 20.
Ned5 h6 21. Nb5 a6 22. Nb6 axb5 23. Nxa8 bxc4 24. bxc4 Be5 25. Nb6 Rc7 26. g3
Rc6 27. Kd3 f5 28. Rb1 fxe4+ 29. fxe4 Rd6+ 30. Nd5 Ra6 31. Bd4 Bxd4 32. Kxd4
Rxa2 33. Rxb7 Kg8 34. Ke5 Bh3 35. Kf6 Ra6+ 36. Rb6 Ra7 37. Ne7+ Kh7 38. c5 Bg2
39. e5 Bh3 40. Rb2 Ra1 41. Rf2 Ra8 42. Kf7 Ra5 43. Rc2 Ra1 44. Nd5 Re1 45. Nf6+
Kh8 46. Rb2 1-0